Ejaculate responsibly : a whole new way to think ... Read More
Available copies
- 1 of 1 copy available at LARL/NWRL Consortium.
Current holds
0 current holds with 1 total copy.
Show Only Available Copies
| Location | Call Number / Copy Notes | Barcode | Shelving Location | Status | Due Date |
|---|---|---|---|---|---|
| Detroit Lakes Public Library | 362.1988 BLA (Text) | 33500013714324 | Main | Available | - |
Record details
- ISBN: 1523523182
- ISBN: 9781523523184
- Physical Description: 137 pages ; 21 cm
- Publisher: New York : Workman Publishing, 2022.
Content descriptions
| Formatted Contents Note: | The Arguments. Men are 50 times more fertile than ... Read More |
| Summary, etc.: | Why abortion is a men's issue. By focusing on the ... Read More |
Search for related items by subject
| Subject: | Birth control. Men > Sexual behavior. Abortion > United States. Abortion. Birth control. Men > Sexual behavior. United States. |
| LDR | 03953cam a2200457 i 4500 | ||
|---|---|---|---|
| 001 | 402945 | ||
| 003 | LARL_NWRL_CONSORTIUM | ||
| 005 | 20221104134041.0 | ||
| 008 | 220618s2022 nyu 000 0 eng d | ||
| 040 | . | ‡aYDX ‡beng ‡erda ‡cYDX ‡dUKMGB ‡dOEM ‡dGYG ‡dOCLCQ ‡dOCLCF ‡dRB0 | |
| 015 | . | ‡aGBC2F8627 ‡2bnb | |
| 016 | 7 | . | ‡a020737818 ‡2Uk |
| 020 | . | ‡a1523523182 | |
| 020 | . | ‡a9781523523184 | |
| 035 | . | ‡a(OCoLC)1330688441 | |
| 043 | . | ‡an-us--- | |
| 082 | 0 | 4. | ‡a363.96 ‡223 |
| 100 | 1 | . | ‡aBlair, Gabrielle Stanley, ‡eauthor. |
| 245 | 1 | 0. | ‡aEjaculate responsibly : ‡ba whole new way to think about abortion / ‡cGabrielle Blair. |
| 264 | 1. | ‡aNew York : ‡bWorkman Publishing, ‡c2022. | |
| 300 | . | ‡a137 pages ; ‡c21 cm | |
| 336 | . | ‡atext ‡btxt ‡2rdacontent | |
| 337 | . | ‡aunmediated ‡bn ‡2rdamedia | |
| 338 | . | ‡avolume ‡bnc ‡2rdacarrier | |
| 386 | . | ‡aBusinesspeople ‡aCalifornians ‡aFrench ‡2lcdgt | |
| 505 | 0 | 0. | ‡tThe Arguments. ‡tMen are 50 times more fertile than women ; ‡tSperm live for up to 5 days ; ‡tWomen's fertility is unpredictable ; ‡tOvulation is involuntary, ejaculation is not ; ‡tBirth control for women is hard to access and hard to use ; ‡tBirth control for men is easy to access and easy to use ; ‡tSociety clings to the idea that men hate condoms ; ‡tVasectomies are less risky than tubal ligations ; ‡tWe expect women to do the work of pregnancy prevention ; ‡tWe don't mind if women suffer, as long as it makes things easier for men ; ‡tSociety teaches that the man's pleasure is the purpose and priority of sex ; ‡tWomen can be impregnated without experiencing pleasure ; ‡tMen cause all unwanted pregnancies ; ‡tWe expect women to be responsible for their own bodies AND for men's bodies ; ‡tWe need to shift our focus to men ; ‡tHolding men accountable for their actions does not make women victims ; ‡tThe uneven power dynamic between men and women is real and can turn violent quickly ; ‡tA woman can't walk out on a pregnancy ; ‡tWe're not honest about pregnancy and childbirth ; ‡tThe realities and burdens of parenting are unfathomable ; ‡tPregnancy should not be a punishment ; ‡tAdoption is not an alternative to abortion ; ‡tThere are zero consequences for men who ejaculate irresponsibly ; ‡tSperm are dangerous ; ‡tMen have more control of their bodies and sexual urges than we like to admit ; ‡tMen can easily prevent abortions but choose not to ; ‡tWe know what works ; ‡tThis is how to take action. |
| 520 | . | ‡aWhy abortion is a men's issue. By focusing on the role men play in unwanted pregnancy, Ejaculate Responsibly gets us out of the destructive loop centered on issues like when life begins and the injustice of legislating women's bodies and presents a powerfully fair and effective way out of the abortion impasse. Highly readable, funny, and unflinching, the book's 28 arguments walk readers through the basics of fertility (men are 50 times more fertile than women). The unfair burden placed on women when it comes to preventing pregnancy (90% of the birth control market is for women). The wrongheaded stigmas around birth control for men (condoms make sex less pleasurable, vasectomies are scary and emasculating). And the harsh reality that men, who are fertile 100% of the time, take so little responsibility for preventing pregnancy. In a post-Roe world, this kind of negligence--an irresponsible ejaculation--is tragically wrong. ‡cFrom back cover. | |
| 650 | 0. | ‡aBirth control. ‡0(LARL_NWRL_CONSORTIUM)15060 | |
| 650 | 0. | ‡aMen ‡xSexual behavior. ‡0(LARL_NWRL_CONSORTIUM)25493 | |
| 650 | 0. | ‡aAbortion ‡zUnited States. ‡0(LARL_NWRL_CONSORTIUM)163218 | |
| 650 | 7. | ‡aAbortion. ‡2fast ‡0(LARL_NWRL_CONSORTIUM)12696 | |
| 650 | 7. | ‡aBirth control. ‡2fast ‡0(LARL_NWRL_CONSORTIUM)15060 | |
| 650 | 7. | ‡aMen ‡xSexual behavior. ‡2fast ‡0(LARL_NWRL_CONSORTIUM)25493 | |
| 651 | 7. | ‡aUnited States. ‡2fast ‡0(LARL_NWRL_CONSORTIUM)54625 | |
| 700 | 1 | . | ‡aSiegler, Bonnie, ‡edesigner. |
| 905 | . | ‡uvanderl | |
| 901 | . | ‡a402945 ‡b ‡c402945 ‡tbiblio ‡soclc | |

Add to basket
Permalink
Disable Highlighting